Analýza makro prostredia na tvorbu podnikových cieľov bakalárska práca

Gespeichert in:
Bibliographische Detailangaben
1. Verfasser: Chlebová, Michaela
Körperschaft: Fakulta podnikového manažmentu EU. Katedra podnikovohospodárska
Weitere Verfasser: Pacek, Martin
Format: Buch
Sprache:Slowakisch
Veröffentlicht: Bratislava 2011
Tags: Tag hinzufügen
Keine Tags, Fügen Sie das erste Tag hinzu!

MARC

LEADER 00000nbm a2200000 4500
001 0131384
005 20161109111421.5
041 0 |a slo 
044 |a SK 
245 1 0 |a Analýza makro prostredia na tvorbu podnikových cieľov  |b bakalárska práca  |c Michaela Chlebová ; školiteľ: Martin Pacek 
264 1 |a Bratislava  |c 2011 
300 |a 53 s. 
100 1 |a Chlebová, Michaela 
700 1 |a Pacek, Martin 
710 2 |a Fakulta podnikového manažmentu EU. Katedra podnikovohospodárska